| 000 | 00495nam a22001697a 4500 | ||
|---|---|---|---|
| 999 |
_c2467 _d2467 |
||
| 003 | URS | ||
| 005 | 20220114142141.0 | ||
| 008 | 191125s2004 ph a|||| |||| 00| 0 eng d | ||
| 020 | _a9714206065 | ||
| 040 |
_cURS _beng _drda |
||
| 050 | 1 | 4 |
_aQ 76 _b.S4161 2004 |
| 100 | _aSelludo, Ballena, Naressia D. | ||
| 245 | 1 | 0 |
_aScience, technology and society _cNerissa D. Selludo, Rhodora Bernal |
| 260 |
_aBulacan: _bTrinitas; _c[2004] |
||
| 300 |
_a324 pages: _bwith illustrations; _c22 cm. |
||
| 942 |
_2lcc _cF |
||